| 000 | 01386cam a2200361 i 4500 | ||
|---|---|---|---|
| 001 | 17449743 | ||
| 003 | EG-ScBUE | ||
| 005 | 20240903093050.0 | ||
| 008 | 120831t2013 nyua f 001 0 eng d | ||
| 020 | _a9780071795371 (pbk : acid-free paper) | ||
| 020 | _a0071795375 | ||
| 040 |
_aDLC _beng _erda _cDLC _dEG-ScBUE |
||
| 082 | 0 | 4 |
_a510.212 _bSPI _222 |
| 100 | 1 |
_aSpiegel, Murray R., _eauthor. _92617 |
|
| 245 | 1 | 0 |
_aMathematical handbook of formulas and tables / _cMurray R. Spiegel, Ph.D., former professor and chairman, Mathematics Department, Rensselaer Polytechnic Institute, Hartford Graduate Center, Seymour Lipschutz, Mathematics Department, Temple University, John Liu, Mathematics Department, University of Maryland.. |
| 250 | _aFourth edition. | ||
| 264 | 1 |
_aNew York : _bMcGraw-Hill, _c[2013] |
|
| 264 | 4 | _cc2013 | |
| 300 |
_ax, 293 pages : _billustrations ; _c28 cm. |
||
| 336 |
_2rdacontent _atext _btxt |
||
| 337 |
_aunmediated _2rdamedia _bn |
||
| 338 |
_avolume _bnc _2rdacarrier |
||
| 490 | 0 | _aSchaum’s outline series | |
| 500 | _aIncludes index. | ||
| 650 | 7 |
_aMathematics _vFormulae. _2BUEsh _941297 |
|
| 650 | 7 |
_aMathematics _vTables. _2BUEsh _941298 |
|
| 651 | _2BUEsh | ||
| 653 |
_bENGELC _cOctober2016 |
||
| 655 |
_vReading book _934232 |
||
| 700 | 1 |
_aLipschutz, Seymour, _eauthor. _92663 |
|
| 700 | 1 |
_aLiu, John, _eauthor. _941296 |
|
| 942 |
_2ddc _cBB |
||
| 999 |
_c22438 _d22410 |
||